000 00520 a2200205 4500
001 107711
020 _a9781407809847
041 _apor
090 _aYear 4 [E]
100 _aShakespeare, Willian.
250 _a1. Ed.
490 _aA Shakespeare Story
697 _aChildren and Youth Literature
830 _aA Shakespeare Story
856 _u00002a/00002a1d.jpg
040 _aBR-BrIDEA
_cBR-BrIDEA
245 1 0 _aTwelfth Night
_c Willian Shakespeare
260 _aLondon
_bOrchard Books
_c2000
942 _cBK
999 _c107711
_d107711